[Event "Barcelona Sant Marti op 11th"]
[Site "Barcelona"]
[Date "2024.03.07"]
[Round "9"]
[White "Navarro Garcia, Alberto"]
[Black "Niubo Calvo, Juan"]
[Result "1-0"]
[WhiteElo "1529"]
[BlackElo "1710"]
[PlyCount "51"]
[EventDate "2024.01.11"]
[EventType "swiss"]
[EventRounds "9"]
[EventCountry "ESP"]
[SourceTitle "CB11_2024"]
[SourceDate "2024.03.13"]
[SourceVersion "1"]
[SourceVersionDate "2024.03.13"]
[SourceQuality "1"]

1. e4 c5 2. Nf3 d6 3. c3 Nf6 4. Be2 Nc6 5. d4 cxd4 6. cxd4 Qc7 7. Nc3 a6 8. Bg5 h6 9. Bh4 g5 10. Bg3 g4 11. Nh4 Qa5 12. 0-0 Qg5 13. f4 gxf3 14. Nxf3 Qg6 15. d5 Nd8 16. e5 Ng4 17. e6 b5 18. Nh4 Ne3 19. Nxb5 Nb7 20. exf7+ Qxf7 21. Nc7+ Kd8 22. Rxf7 Nxd1 23. Nxa8 Ne3 24. Ng6 Ke8 25. Nxh8 Nxd5 26. Raf1 1-0

[Event "Barcelona Sant Marti op 11th"]
[Site "Barcelona"]
[Date "2024.01.25"]
[Round "3"]
[White "Niubo Calvo, Juan"]
[Black "Calderon Gutierrez, Felipe"]
[Result "1/2-1/2"]
[WhiteElo "1710"]
[BlackElo "1761"]
[PlyCount "32"]
[EventDate "2024.01.11"]
[EventType "swiss"]
[EventRounds "9"]
[EventCountry "ESP"]
[SourceTitle "CB11_2024"]
[SourceDate "2024.03.13"]
[SourceVersion "1"]
[SourceVersionDate "2024.03.13"]
[SourceQuality "1"]

1. e4 e5 2. Nf3 Nc6 3. d4 exd4 4. Nxd4 Nf6 5. Nxc6 bxc6 6. e5 Qe7 7. Qe2 Nd5 8. c4 Nb6 9. b3 Ba6 10. Qe3 Qe6 11. Bd3 Bb4+ 12. Bd2 Bxd2+ 13. Nxd2 d5 14. Rc1 0-0 15. 0-0 Rfe8 16. Rfe1 Rad8 1/2-1/2

[Event "Barcelona Sant Marti op 9th"]
[Site "Barcelona"]
[Date "2020.02.27"]
[Round "7"]
[White "Niubo Calvo, Juan"]
[Black "Fuentes del Pino, Raul"]
[Result "1-0"]
[WhiteElo "1768"]
[BlackElo "1700"]
[PlyCount "69"]
[EventDate "2020.01.16"]
[EventType "swiss"]
[EventRounds "9"]
[EventCountry "ESP"]
[SourceTitle "CBM 195 Extra"]
[Source "ChessBase"]
[SourceDate "2020.05.31"]
[SourceVersion "1"]
[SourceVersionDate "2020.05.31"]
[SourceQuality "1"]

1. e4 c5 2. Nf3 Nc6 3. d4 cxd4 4. Nxd4 Nf6 5. Nc3 Qa5 6. Nb3 Qc7 7. Be2 g6 8. Be3 Bg7 9. Qd2 d6 10. f3 Bd7 11. 0-0-0 0-0 12. Bh6 a5 13. Bxg7 Kxg7 14. a3 Rfd8 15. h4 Be6 16. h5 Bxb3 17. cxb3 Nb4 18. hxg6 fxg6 19. Kb1 Na6 20. Qh6+ Kf7 21. Nd5 Nxd5 22. Qxh7+ Kf6 23. Qh4+ Kf7 24. exd5 Qd7 25. Qd4 Qf5+ 26. Ka2 Qf6 27. Rh7+ Kg8 28. Qxf6 exf6 29. Rdh1 f5 30. g4 fxg4 31. fxg4 g5 32. Bd3 Nc5 33. Bf5 b6 34. R1h5 Kf8 35. Rxg5 1-0

[Event "Barcelona La Lira op 12th"]
[Site "Barcelona"]
[Date "2019.05.30"]
[Round "8"]
[White "Niubo Calvo, Juan"]
[Black "Guix Torres, David"]
[Result "0-1"]
[WhiteElo "1741"]
[BlackElo "1972"]
[PlyCount "64"]
[EventDate "2019.04.04"]
[EventType "swiss"]
[EventRounds "9"]
[EventCountry "ESP"]
[SourceTitle "CBM 190 Extra"]
[Source "ChessBase"]
[SourceDate "2019.07.15"]
[SourceVersion "1"]
[SourceVersionDate "2019.07.15"]
[SourceQuality "1"]

1. e4 c5 2. Nf3 Nc6 3. d4 cxd4 4. Nxd4 g6 5. Nc3 Bg7 6. Be3 Nf6 7. Bc4 0-0 8. f3 Qb6 9. Qd2 Nxe4 10. fxe4 Bxd4 11. Bxd4 Qxd4 12. 0-0-0 Qxc4 13. h4 f6 14. g4 d6 15. b3 Qf7 16. Rdg1 Be6 17. Nd1 Ne5 18. Qe2 Rac8 19. Kb2 d5 20. h5 g5 21. Ne3 dxe4 22. Nf5 Bxf5 23. gxf5 Qd5 24. Rd1 Qc6 25. Qd2 e3 26. Qxe3 Qxc2+ 27. Ka1 Qc3+ 28. Qxc3 Rxc3 29. h6 Rfc8 30. Kb1 Nd3 31. Rhf1 g4 32. Rg1 Rc1+ 0-1

[Event "Barcelona Sant Marti op 8th"]
[Site "Barcelona"]
[Date "2019.01.17"]
[Round "1"]
[White "Niubo Calvo, Juan"]
[Black "Perez Garcia, Adria"]
[Result "0-1"]
[WhiteElo "1759"]
[BlackElo "2182"]
[PlyCount "98"]
[EventDate "2019.01.17"]
[EventType "swiss"]
[EventRounds "9"]
[EventCountry "ESP"]
[SourceTitle "CBM 189 Extra"]
[Source "ChessBase"]
[SourceDate "2019.06.03"]
[SourceVersion "1"]
[SourceVersionDate "2019.06.03"]
[SourceQuality "1"]

1. e4 c6 2. d4 d5 3. e5 Bf5 4. Nc3 e6 5. g4 Bg6 6. Nge2 c5 7. h4 h5 8. Nf4 Bh7 9. Bb5+ Nc6 10. g5 cxd4 11. Qxd4 Nge7 12. Qa4 Qc7 13. Rh3 Qxe5+ 14. Re3 Qd6 15. Re2 Bf5 16. Be3 e5 17. 0-0-0 0-0-0 18. Nfxd5 Qe6 19. Nb6+ axb6 20. Rxd8+ Nxd8 21. Rd2 Nec6 22. Bxb6 Bd6 23. Qa8+ Nb8 24. Ba7 Ndc6 25. Bxc6 bxc6 26. Bxb8 Bxb8 27. Qa6+ Kc7 28. Qa5+ Kb7 29. Na4 Ba7 30. Qb4+ Kc7 31. Qa5+ Kb8 32. Nc5 Qc4 33. Rd8+ Bc8 34. Nd7+ Kb7 35. Nxe5 Qf4+ 36. Qd2 Qxd2+ 37. Rxd2 Be6 38. Kb1 Kc7 39. g6 f6 40. Nd3 Rd8 41. Re2 Bf5 42. Re7+ Rd7 43. Re2 Bxg6 44. a3 Bxd3 45. cxd3 Rxd3 46. Kc2 Rd7 47. b4 g5 48. hxg5 fxg5 49. Re5 Rg7 0-1

[Event "Barcelona Primavera La Lira op 11th"]
[Site "Barcelona"]
[Date "2018.06.07"]
[Round "9"]
[White "Niubo Calvo, Juan"]
[Black "Ferrer Comas, Joan"]
[Result "1/2-1/2"]
[WhiteElo "1756"]
[BlackElo "1854"]
[PlyCount "75"]
[EventDate "2018.04.12"]
[EventType "swiss"]
[EventRounds "9"]
[EventCountry "ESP"]
[SourceTitle "CBM 184 Extra"]
[Source "ChessBase"]
[SourceDate "2018.06.28"]
[SourceVersion "1"]
[SourceVersionDate "2018.06.28"]
[SourceQuality "1"]

1. e4 c5 2. Nf3 e6 3. d4 cxd4 4. Nxd4 a6 5. Bd3 Nf6 6. Qe2 Qc7 7. 0-0 d6 8. Nd2 Be7 9. Kh1 Nbd7 10. N2b3 0-0 11. f4 b5 12. a4 bxa4 13. Rxa4 Bb7 14. Bd2 Nc5 15. Nxc5 Qxc5 16. Rc4 Qb6 17. Rb4 Qc7 18. Rb3 Rfd8 19. Nf3 d5 20. exd5 Bxd5 21. c4 Bc6 22. Ra1 Bxf3 23. Qxf3 Qd7 24. Ba5 Rdb8 25. Rd1 Qc8 26. Rxb8 Rxb8 27. Bc3 a5 28. Qe2 a4 29. f5 h6 30. fxe6 Qxe6 31. Qc2 Qc6 32. Re1 Bc5 33. Bxf6 Qxf6 34. Qxa4 Qxb2 35. h3 Qd4 36. Re8+ Rxe8 37. Qxe8+ Bf8 38. Qe2 1/2-1/2

[Event "Barcelona Primavera La Lira op 11th"]
[Site "Barcelona"]
[Date "2018.05.10"]
[Round "5"]
[White "Febrero Perez, Lluis"]
[Black "Niubo Calvo, Juan"]
[Result "0-1"]
[WhiteElo "1526"]
[BlackElo "1756"]
[PlyCount "38"]
[EventDate "2018.04.12"]
[EventType "swiss"]
[EventRounds "9"]
[EventCountry "ESP"]
[SourceTitle "CBM 184 Extra"]
[Source "ChessBase"]
[SourceDate "2018.06.28"]
[SourceVersion "1"]
[SourceVersionDate "2018.06.28"]
[SourceQuality "1"]

1. e4 c5 2. Nf3 Nc6 3. d4 cxd4 4. Nxd4 Nf6 5. Nc3 e5 6. Nxc6 bxc6 7. g3 Be7 8. Bg2 Ba6 9. Ne2 Rb8 10. b3 0-0 11. c4 d6 12. 0-0 Qc7 13. Bb2 Bxc4 14. Rc1 Ba6 15. Qc2 Rfc8 16. Rfd1 Nd7 17. Qd2 Nc5 18. f4 Nd3 19. Rc3 Qb6+ 0-1

[Event "Barcelona Sant Marti op 7th"]
[Site "Barcelona"]
[Date "2018.03.08"]
[Round "9"]
[White "Alcaraz Salas, Ricard"]
[Black "Niubo Calvo, Juan"]
[Result "0-1"]
[WhiteElo "1666"]
[BlackElo "1778"]
[PlyCount "92"]
[EventDate "2018.01.11"]
[EventType "swiss"]
[EventRounds "9"]
[EventCountry "ESP"]
[SourceTitle "EXT 2019"]
[Source "ChessBase"]
[SourceDate "2018.10.10"]
[SourceVersion "1"]
[SourceVersionDate "2018.10.10"]
[SourceQuality "1"]

1. e4 c5 2. Nc3 Nc6 3. g3 Nf6 4. Bg2 e5 5. d3 Be7 6. Nh3 d6 7. 0-0 0-0 8. Be3 Bd7 9. f4 Ng4 10. Qd2 Nxe3 11. Qxe3 Nd4 12. Qd2 Qa5 13. Qf2 f6 14. Nd5 Bd8 15. c3 Ne6 16. f5 Nc7 17. Nxc7 Bxc7 18. Qe2 Rac8 19. g4 b5 20. c4 bxc4 21. dxc4 Qb6 22. Rfd1 a5 23. Rab1 Rb8 24. Qd3 Be8 25. Nf2 Bf7 26. Bf1 Qa6 27. Rdc1 Rb7 28. Nd1 Rfb8 29. Rc2 Rb4 30. Ne3 Qb7 31. b3 a4 32. Rcb2 Qc6 33. Nd5 Bxd5 34. Qxd5+ Qxd5 35. exd5 Kf7 36. Kf2 g6 37. Ke3 R4b7 38. Bd3 Ba5 39. Rf2 Bc3 40. fxg6+ hxg6 41. Rf3 Bd4+ 42. Ke4 Kg7 43. Bc2 Rh8 44. h3 Rh4 45. Kd3 f5 46. gxf5 e4+ 0-1

[Event "Barcelona Sant Marti op 7th"]
[Site "Barcelona"]
[Date "2018.03.01"]
[Round "8"]
[White "Niubo Calvo, Juan"]
[Black "Febrero Perez, Lluis"]
[Result "1-0"]
[WhiteElo "1778"]
[BlackElo "1479"]
[PlyCount "87"]
[EventDate "2018.01.11"]
[EventType "swiss"]
[EventRounds "9"]
[EventCountry "ESP"]
[SourceTitle "EXT 2019"]
[Source "ChessBase"]
[SourceDate "2018.10.10"]
[SourceVersion "1"]
[SourceVersionDate "2018.10.10"]
[SourceQuality "1"]

1. e4 e5 2. Nf3 Nc6 3. d4 exd4 4. Nxd4 Qh4 5. Nc3 Bb4 6. Be2 Bxc3+ 7. bxc3 Qxe4 8. Nb5 Kd8 9. 0-0 a6 10. Nd4 Nge7 11. Bf3 Qg6 12. Re1 d6 13. Qe2 Ne5 14. Be4 f5 15. Bd3 Re8 16. Nf3 Nxf3+ 17. Qxf3 Bd7 18. Bf1 Bc6 19. Qd1 Kd7 20. Bf4 Nd5 21. Bd2 Rxe1 22. Qxe1 Re8 23. Qc1 Nf6 24. c4 h5 25. Rb1 h4 26. h3 Re5 27. Be3 Re4 28. c5 Nd5 29. cxd6 Qxd6 30. Rb3 f4 31. Bd2 Qf6 32. c4 Ne7 33. Bc3 Qg6 34. Bb4 f3 35. Rxf3 Nf5 36. Rd3+ Kc8 37. Qd1 b6 38. Qd2 Rxc4 39. f3 Qf6 40. Bc3 Qf8 41. Kh2 Nd6 42. Rxd6 Rxc3 43. Bxa6+ Bb7 44. Rd8+ 1-0

[Event "Barcelona Sant Marti op 7th"]
[Site "Barcelona"]
[Date "2018.02.08"]
[Round "5"]
[White "Hinarejos Montano, Andres"]
[Black "Niubo Calvo, Juan"]
[Result "1/2-1/2"]
[WhiteElo "1613"]
[BlackElo "1778"]
[PlyCount "125"]
[EventDate "2018.01.11"]
[EventType "swiss"]
[EventRounds "9"]
[EventCountry "ESP"]
[SourceTitle "EXT 2019"]
[Source "ChessBase"]
[SourceDate "2018.10.10"]
[SourceVersion "1"]
[SourceVersionDate "2018.10.10"]
[SourceQuality "1"]

1. c4 Nf6 2. Nc3 e5 3. d3 Nc6 4. e4 d6 5. h3 Be7 6. Nf3 0-0 7. Be2 Nd7 8. Nd5 Nb6 9. Nxe7+ Qxe7 10. 0-0 f5 11. exf5 Bxf5 12. Bg5 Qd7 13. Kh2 Rae8 14. Be3 Kh8 15. a3 Nc8 16. b4 a6 17. b5 axb5 18. cxb5 N6e7 19. Rc1 Nd5 20. a4 Nce7 21. Bd2 Ng6 22. Ng1 Ndf4 23. Bxf4 Nxf4 24. Bf3 Nxd3 25. Bxb7 Rb8 26. Bc6 Qe7 27. Rc3 e4 28. Qd2 Nb4 29. Rfc1 Be6 30. Bxe4 Bg8 31. Bf3 Na2 32. Re3 Qf6 33. Kh1 Nxc1 34. Qxc1 Qf4 35. Qa3 Rfe8 36. Ne2 Rxe3 37. fxe3 Qc4 38. Nd4 h6 39. a5 Bd5 40. Be2 Qa2 41. Qxa2 Bxa2 42. Nc6 Rf8 43. a6 Bd5 44. Ne7 Be4 45. Bf3 Rxf3 46. gxf3 Bxf3+ 47. Kg1 Ba8 48. Kf2 g5 49. Nc6 Kg7 50. e4 Kf7 51. Ke3 Ke6 52. a7 Kd7 53. Kf3 h5 54. Kg3 Kc8 55. e5 dxe5 56. Nxe5 Kb7 57. Nf3 g4 58. hxg4 hxg4 59. Nd4 Kxa7 60. Kxg4 Kb6 61. Kf4 Kc5 62. Ke3 Kc4 63. Ne6 1/2-1/2

[Event "Barcelona Sant Marti op 7th"]
[Site "Barcelona"]
[Date "2018.01.18"]
[Round "2"]
[White "Niubo Calvo, Juan"]
[Black "Cervello Tost, Roger"]
[Result "0-1"]
[WhiteElo "1778"]
[BlackElo "1941"]
[PlyCount "70"]
[EventDate "2018.01.11"]
[EventType "swiss"]
[EventRounds "9"]
[EventCountry "ESP"]
[SourceTitle "EXT 2019"]
[Source "ChessBase"]
[SourceDate "2018.10.10"]
[SourceVersion "1"]
[SourceVersionDate "2018.10.10"]
[SourceQuality "1"]

1. e4 e5 2. Nf3 Nc6 3. d4 exd4 4. Nxd4 Nf6 5. Nxc6 bxc6 6. e5 Qe7 7. Qe2 Nd5 8. c4 Nb6 9. Nd2 Qe6 10. b3 g6 11. Bb2 Bg7 12. g3 d5 13. Bg2 0-0 14. 0-0 f6 15. f4 fxe5 16. Bxe5 Bxe5 17. fxe5 Bb7 18. Rac1 Rxf1+ 19. Rxf1 Re8 20. Re1 a5 21. Bf3 Nd7 22. cxd5 cxd5 23. Qb5 Qb6+ 24. Qxb6 cxb6 25. e6 Nc5 26. Bg4 h5 27. Bh3 Bc8 28. Re5 Bxe6 29. Bxe6+ Rxe6 30. Rxd5 Re1+ 31. Kf2 Ra1 32. Nc4 Rxa2+ 33. Kf3 Nxb3 34. Nxb6 Rxh2 35. Rb5 Nd4+ 0-1

[Event "Barcelona Primavera La Lira op 10th"]
[Site "Barcelona"]
[Date "2017.06.15"]
[Round "9"]
[White "Vallbona Domingo, Joan"]
[Black "Niubo Calvo, Juan"]
[Result "0-1"]
[WhiteElo "1866"]
[BlackElo "1782"]
[PlyCount "88"]
[EventDate "2017.04.20"]
[EventType "swiss"]
[EventRounds "9"]
[EventCountry "ESP"]
[SourceTitle "EXT 2018"]
[Source "ChessBase"]
[SourceDate "2017.10.13"]
[SourceVersion "1"]
[SourceVersionDate "2017.10.13"]
[SourceQuality "1"]

1. c4 e5 2. Nc3 Nf6 3. Nf3 Nc6 4. d4 exd4 5. Nxd4 Be7 6. g3 0-0 7. Bg2 Rb8 8. 0-0 d6 9. Nxc6 bxc6 10. Bxc6 Bh3 11. Bg2 Qc8 12. b3 Re8 13. Bb2 c5 14. Qd3 Bxg2 15. Kxg2 a6 16. f3 Qe6 17. e4 Bf8 18. Rad1 Qe5 19. Rf2 Qg5 20. Ne2 Nd7 21. h4 Qe7 22. Nf4 Nb6 23. Qc3 f6 24. Rfd2 Qf7 25. h5 Nd7 26. g4 Ne5 27. Nd5 Qd7 28. Ne3 Rbd8 29. Qa5 Qb7 30. Rd5 Nc6 31. Qa3 Nb4 32. R5d2 Re6 33. Bc3 Rde8 34. Nd5 Nxd5 35. Rxd5 Qc8 36. Qc1 Rxe4 37. Kg3 Re2 38. R1d2 Qe6 39. Qf1 Re3 40. R5d3 Re1 41. Qf2 f5 42. Rd5 fxg4 43. fxg4 Re3+ 44. Kg2 Qxg4+ 0-1

[Event "Barcelona Sant Marti op 6th"]
[Site "Barcelona"]
[Date "2017.01.19"]
[Round "2"]
[White "Ibanez Camara, Oscar"]
[Black "Niubo Calvo, Juan"]
[Result "0-1"]
[WhiteElo "1626"]
[BlackElo "1816"]
[PlyCount "80"]
[EventDate "2017.01.12"]
[EventType "swiss"]
[EventRounds "9"]
[EventCountry "ESP"]
[SourceTitle "EXT 2018"]
[Source "ChessBase"]
[SourceDate "2017.10.13"]
[SourceVersion "1"]
[SourceVersionDate "2017.10.13"]
[SourceQuality "1"]

1. e4 e5 2. Nf3 Nc6 3. Bb5 Nf6 4. 0-0 d6 5. Nc3 a6 6. Ba4 b5 7. Bb3 Be7 8. d4 Bg4 9. dxe5 Nxe5 10. Bf4 Bxf3 11. gxf3 Ng6 12. Be3 0-0 13. Kh1 c5 14. a4 c4 15. Ba2 Rb8 16. Nd5 Nxd5 17. Qxd5 Bf6 18. Rg1 Be5 19. Rg4 Qf6 20. f4 Bxf4 21. Bxf4 Nxf4 22. Qd2 Ng6 23. Rag1 Qf3+ 24. R1g2 h5 25. R4g3 Qxe4 26. c3 Rbe8 27. Re3 Qc6 28. Bb1 Nf4 29. Reg3 g6 30. f3 Nxg2 31. Kxg2 Re6 32. Be4 Rxe4 33. fxe4 Qxe4+ 34. Kf2 Re8 35. Re3 Qf4+ 36. Ke2 Qxh2+ 37. Kd1 Qxd2+ 38. Kxd2 Rxe3 39. Kxe3 h4 40. Kf4 g5+ 0-1

[Event "Barcelona Sant Marti op-B 5th"]
[Site "Barcelona"]
[Date "2016.03.03"]
[Round "8"]
[White "Niubo Calvo, Juan"]
[Black "Salazar Navas, Josep"]
[Result "0-1"]
[WhiteElo "1799"]
[BlackElo "1781"]
[PlyCount "108"]
[EventDate "2016.01.14"]
[EventType "swiss"]
[EventRounds "9"]
[EventCountry "ESP"]
[SourceTitle "EXT 2017"]
[Source "ChessBase"]
[SourceDate "2016.10.25"]
[SourceVersion "1"]
[SourceVersionDate "2016.10.25"]
[SourceQuality "1"]

1. e4 d5 2. exd5 Nf6 3. Nf3 Nxd5 4. d4 g6 5. c4 Nb6 6. Nc3 Bg7 7. c5 Nd5 8. Bc4 Nxc3 9. bxc3 Nc6 10. Ng5 0-0 11. Qf3 e6 12. 0-0 h6 13. Ne4 Nxd4 14. cxd4 Qxd4 15. Bxh6 Bxh6 16. Bb3 Bg7 17. Rad1 Qe5 18. Rfe1 Qf5 19. Qe3 b6 20. c6 Ba6 21. a4 Rad8 22. Rd7 Rxd7 23. cxd7 Rd8 24. Rd1 Bb7 25. Ng3 Qe5 26. Qd2 Bc6 27. Re1 Rxd7 28. Qc1 Qa5 29. h4 Bxa4 30. Bxa4 Qxa4 31. h5 gxh5 32. Nxh5 Qg4 33. Nxg7 Kxg7 34. Qa1+ Kg8 35. Qxa7 Rd1 36. Rxd1 Qxd1+ 37. Kh2 Qd6+ 38. Kg1 c5 39. Qa8+ Kg7 40. Qe4 b5 41. Qg4+ Kf8 42. Qg5 b4 43. Qh6+ Ke7 44. Qg5+ Kd7 45. Qf6 Qe7 46. Qf3 Ke8 47. Qa8+ Qd8 48. Qc6+ Qd7 49. Qxc5 b3 50. Qb4 Qd1+ 51. Kh2 Qc2 52. Qb8+ Ke7 53. Qb4+ Kd7 54. Qb7+ Qc7+ 0-1